000 00398nam a2200169Ia 4500
001 4442
003 IN-NITTTR
005 20251114232959.0
008 251113s9999||||xx |||||||||||||| ||eng||
040 _beng
040 _cIN-NITTTR
041 _aeng
082 _a694 M454C
100 _aMaynard, J.
245 0 _aConstructions and workshop practice in woodwork /
_cMaynard, J.
942 _2ddc
_cBK
999 _c7078
_d7078